Irish literature and drama in the English language : a short history /

Bibliographic Details
Main Author: Gwynn, Stephen Lucius, 1864-1950
Format: Book
Language:English
Published: London, New York : T. Nelson and sons, ltd., [1936]
Subjects:

MARC

Tag First Indicator Second Indicator Subfields
LEADER 00000cam a2200000 4500
001 in00000029420
005 20151007061516.0
008 760914s1936 enk 00010 engm
010 |a  36019059  
035 |a (OCoLC)02430794 
035 |9 AAD2290AM 
040 |a DLC  |c AKU  |d AKU  |d TXA  |d UtOrBLW 
049 |a TXAM  |c [346042] 
050 0 0 |a PR8711  |b .G8 
082 0 |a 820.9 
092 |a 820.9  |b G955i 
100 1 |a Gwynn, Stephen Lucius,  |d 1864-1950. 
245 1 0 |a Irish literature and drama in the English language :  |b a short history /  |c by Stephen Gwynn. 
264 1 |a London,  |a New York :  |b T. Nelson and sons, ltd.,  |c [1936] 
300 |a ix, 240 pages ;  |c 21 cm. 
336 |a text  |b txt  |2 rdacontent 
337 |a unmediated  |b n  |2 rdamedia 
338 |a volume  |b nc  |2 rdacarrier 
650 0 |a English literature  |x Irish authors  |x History and criticism. 
999 |a MARS 
999 f f |s ce4053c0-f91b-3dcf-b732-b8033fb43504  |i dd440c5a-cab8-3250-b6f1-0d604f69efbb  |t 0 
952 f f |p normal  |a Texas A&M University  |b College Station  |c Sterling C. Evans Library  |d Evans: Library Stacks  |t 0  |e PR8711 .G8  |h Library of Congress classification  |i unmediated -- volume  |m A14801271774 
998 f f |a PR8711 .G8  |t 0  |l Evans: Library Stacks